[Event "Trento op"]
[Site "Trento"]
[Date "2008.03.30"]
[Round "5"]
[White "Taufer, Marco"]
[Black "Boerci, Roberto"]
[Result "1/2-1/2"]
[WhiteElo "1416"]
[BlackElo "1614"]
[PlyCount "112"]
[EventDate "2008.03.28"]
[EventType "swiss"]
[EventRounds "5"]
[EventCountry "ITA"]
[SourceTitle "EXT 2011"]
[Source "ChessBase"]
[SourceDate "2010.11.26"]
[SourceVersion "1"]
[SourceVersionDate "2010.11.26"]
[SourceQuality "1"]

1. d4 d6 2. e4 Nf6 3. Nc3 g6 4. Bf4 Bg7 5. Nf3 0-0 6. Qd2 Re8 7. 0-0-0 a6 8. Be2 Ng4 9. Rdf1 b5 10. h4 h5 11. Nh2 Nf6 12. Rhg1 e5 13. Bg5 exd4 14. Qxd4 Nxe4 15. Qxg7+ Kxg7 16. Bxd8 Nxc3 17. bxc3 Rxd8 18. g4 hxg4 19. Bxg4 Nd7 20. f4 Nf6 21. Bxc8 Raxc8 22. Rf2 Rh8 23. Nf3 Nh5 24. f5 Rhf8 25. fxg6 fxg6 26. Rgf1 Rce8 27. Ng5 Rxf2 28. Rxf2 Nf6 29. Rf4 Re7 30. Kd2 Nh5 31. Re4 Rxe4 32. Nxe4 Nf6 33. Ng5 c5 34. Kd3 a5 35. c4 b4 36. c3 Ne8 37. cxb4 axb4 38. Ke4 Nf6+ 39. Kd3 Kh6 40. Nf7+ Kh5 41. Nxd6 Kxh4 42. Nb7 Nd7 43. Ke4 g5 44. Nd6 g4 45. Nf5+ Kh3 46. Ne3 g3 47. Kd5 g2 48. Nxg2 Kxg2 49. Kd6 Nb8 50. Kxc5 Kf3 51. Kxb4 Ke4 52. a4 Ke5 53. Kb5 Kd6 54. c5+ Kc7 55. a5 Kb7 56. a6+ Ka7 1/2-1/2